00655nam a2200157Ia 4500008004100000100001800041245011600059245008100175260005300256260000900309300001100318650001500329856006100344999001900405952007300424170221s9999 xx 000 0 und d aNasir Mehmood aJob Satisfaction, Affective Commitment, and Turnover Intentions among Front Desk Staff: Evidence from Pakistan  cNasir Mehmood, Ungku Norulkamar Bt. Ungku Ahmad, Sobia Irum, Muhammad Ashfaq bInternational Review of Management and Marketing c2016 a15 : 4 xMarketing. uhttp://www.econjournals.com/index.php/irmm/issue/view/77 c312131d312131 001040aCLbCLd2017-02-21l0r2017-02-21 00:00:00w2017-02-21yFOJ